000
00256nmm a2200097Ia 4500
008
220120s9999||||xx |||||||||||||||||und||
082
_a
621.392 CIL
100
_a
Ciletti, Michael, D
245
0
_a
Advanced digital design with the Verilog HDL
260
_c
2005
999
_c
138943
_d
138943